| 000 | 00920nmm a2200265 a 4500 | ||
|---|---|---|---|
| 003 | AR-BaBNM | ||
| 005 | 20251128210128.0 | ||
| 008 | 099019s1997 ||||||||||||||000 | spa|| | ||
| 020 | _a968-494-079-3 | ||
| 040 | _cAR-BaBNM | ||
| 245 | 1 | 0 |
_a24 poetas latinoamericanos _bBorges, Girondo, Cabral, Drummond, Mutis, Azofeifa, Guillén, Lezama Lima, Huidobro, Neruda, Parra, Cardoza y Aragón, Pellicer, Paz, Sabines, Pasos, Cardenal, Vallejo, Sologuren, Palés Matos, Mir, Benedetti, Gerbas |
| 246 | 1 | _aVeinticuatro poetas latinoamericanos | |
| 250 | _a1ª ed. | ||
| 260 |
_aMéxico, D.F. _bCoedición Latinoamericana _c1997 |
||
| 300 | 0 |
_a254 p. _bil. |
|
| 650 | 4 | _aLITERATURA LATINOAMERICANA | |
| 650 | 4 | _aPOESIA | |
| 650 | 4 | _aANTOLOGIAS | |
| 650 | 4 | _aESCRITORES | |
| 650 | 4 | _aLITERATURA CONTEMPORANEA | |
| 655 | _aLITERATURA | ||
| 700 | 1 |
_aSerrano, Francisco _ecompilador |
|
| 942 | _cBK | ||
| 998 | _cMARTIN | ||
| 999 |
_c14165 _d14165 |
||